00697nam a2200241 a 4500001001300000003000900013005001700022008004100039020000900080082001600089100002000105245003700125260003900162300000900201500003500210505002400245650002900269700002000298902000800318942000700326952010700333999001500440nice12345678IN_TiNIC20260116011751.0050524s1977 laha grp 000 0 eng  ac4000a181.07bMAR aMaruf, Mohammad aContributions to Iqbal`s Thought aLahorebIslamic Book Servicec1977 a148p aincludes index and biblioraphy2 aBibliography, Index aPhilosophy-Islamic-Iqbal1 aMaruf, Mohammad bSRS cBK 00104070aHMIbHMId2007-07-31g40.00l3o181.07 MARp09403r2019-09-05s2019-08-29w2026-01-16yEB c3804d3804